Sports Quiz

Random Sports Quiz
Score 0/11 Timer 02:00
0 Plays Today
% Correct
Kirby Smart
88.4%
Jim Chaney
72.6%
Mel Tucker
69.8%
Sam Pittman
64.9%
Dell McGee
59.1%
Shane Beamer
57.3%
James Coley
53.1%
Tracy Rocker
51.5%
Kevin Sherrer
44.9%
Scott Sinclair
42.9%
Glenn Schumann
36.2%
Come Together.
Have Fun.
All Virtual.
We all need to come together. Play Sporcle's virtual live trivia to have fun, connect with people, and get your trivia on. Join a live hosted trivia game for your favorite pub trivia experience done virtually. If a virtual private party is more your thing, go here for details.

You're not logged in!

Compare scores with friends on all Sporcle quizzes.
OR
Log In

Sporcle TV

Today on Sporcle TV


Watch our educational content, quiz creation guides, and fun videos on Sporcle TV.

Show Comments

Extras

Top Quizzes Today


Score Distribution

Paid Content

Your Account Isn't Verified!

In order to create a playlist on Sporcle, you need to verify the email address you used during registration. Go to your Sporcle Settings to finish the process.

Report this User

Report this user for behavior that violates our Community Guidelines.

Details: